Score 0/58 Timer 05:00
0 Plays Today
hint 4-letter word % Correct
Cinderella's big eventBALL
95.7%
~ Donald or Daisy ~~~ DUCK ~~
91.8%
Close a door in angerSLAM
91.5%
Home for chickensCOOP
87.9%
Trim a photoCROP
87.8%
~ Long-necked, graceful swimmer ~~~ SWAN ~~
87.7%
Moved through waterSWAM
87.5%
Prepare hot foodCOOK
85.5%
Empty a flooding boatBAIL
85.4%
Last cycle on a washerSPIN
83%
~ Male chicken ~~~ COCK ~~
82.7%
~ Common black bird prone to West Nile Virus ~~~ CROW ~~
82.1%
The Irish have itLUCK
82.1%
Cabbage saladSLAW
81.6%
Speed contestRACE
81%
UtteredSAID
80.9%
Largest human organ SKIN
79.2%
Extend across a riverSPAN
78.7%
Moor a boatDOCK
78.3%
Fido's fingernailCLAW
77.2%
Bankrobbers' take LOOT
75.3%
Lose traction on wet pavementSKID
75.2%
~ Hobos ride this ~~~ RAIL ~~
73.9%
~ Avian symbol of peace ~~~ DOVE ~~
73.8%
~ Common shorebird ~~~ GULL ~~
73.5%
Desolate or forsakenLORN
71.4%
Bile; something bitterGALL
71.1%
Crop; holding place for a bird's mealCRAW
69.4%
~ Birds of the rail family that favor open water ~~~ COOT ~~
69.3%
hint 4-letter word % Correct
Foray to the fridge RAID
68.9%
~ Water bird with a distinctive call ~~~ LOON ~~
68.8%
Rant's partnerRAVE
68.1%
One of the five 'W's'WHEN
68%
February 23, e.g.DATE
67.4%
Pair of antlersRACK
66.9%
Short, dry coughHACK
66.1%
Not now, but _____THEN
65.5%
Trig functionSINE
65%
WanderROVE
63.6%
Lavish affection onDOTE
62.4%
DeficitLACK
60.4%
What a stitch in time savesNINE
58.3%
Sulky ageTEEN
58%
Semester or QuarterTERM
57%
Web locationSITE
56.7%
Unit of heredityGENE
55.8%
~ Another shorebird ~~~ TERN ~~
54.1%
Richard of 'Chicago'GERE
52.1%
Vegetable found in earsCORN
51.4%
The Duchess of CambridgeKATE
51.3%
Relative of Inc. and Ltd.CORP
50%
'Listen!'HARK
47.6%
The seed of an ideaGERM
46.5%
~ Avian symbol of militancy ~~~ HAWK ~~
46.2%
~ Hawaii's state bird ~ ~~NENE ~~
43.8%
~ Shelley wrote an Ode to this Blithe Spirit ~~~ LARK ~~
43.8%
~ One type of this raptor eats only snails ~~~ KITE ~~
40.1%
~ Architect of London's St. Paul's ~~~ WREN ~~
35.7%

Today's Daily Dose

Missing Word
'T' Pairs

Word Ladder
Game Pieces

Get the Picture
Baseball Movies

Remove Ads.
Support Sporcle.
Get the best of Sporcle when you Go Orange. This ad-free experience offers more features, more stats, and more fun while also helping to support Sporcle. Thank you for becoming a member.

You're not logged in!

Compare scores with friends on all Sporcle quizzes.
OR
Log In

Show Comments

Extras

Top Quizzes Today


Score Distribution

Your Account Isn't Verified!

In order to create a playlist on Sporcle, you need to verify the email address you used during registration. Go to your Sporcle Settings to finish the process.

Report this User

Report this user for behavior that violates our Community Guidelines.

Details: